[Event "Mittelfrankenliga 05/06 (B2a)"]
[Site "Mfr.2005/06-R1"]
[Date "2005.10.16"]
[Round "1.3"]
[White "Puschak, Oliver"]
[Black "Eckhardt, Wladislaw"]
[Result "0-1"]
[WhiteElo "1918"]
[BlackElo "2144"]
[Annotator "SZ Fürth1-Lauf1"]
[PlyCount "64"]
[EventDate "2005.10.16"]
[SourceDate "2005.10.17"]

1. d4 f5 2. h3 b6 3. g4 Bb7 4. Nf3 Bxf3 5. exf3 e6 6. Nc3 Nf6 7. Qd3 g6 8. Bf4
Bg7 9. O-O-O O-O 10. d5 fxg4 11. hxg4 Nxg4 12. fxg4 Rxf4 13. Qe3 e5 14. Bd3 d6
15. Qh3 h6 16. g5 Qxg5 17. Kb1 Qg4 18. Qh2 e4 19. f3 Rxf3 20. Be2 Nd7 21. Rdg1
Qf5 22. Bxf3 exf3 23. Rf1 g5 24. Qh5 Rf8 25. Rf2 Ne5 26. Kc1 Qf4+ 27. Kd1 g4
28. Rh4 Qd4+ 29. Ke1 Qe3+ 30. Ne2 g3 31. Rxf3 Nxf3+ 32. Kd1 Qd2# 0-1

[Event "Mittelfrankenliga 05/06 (B2a)"]
[Site "Mfr.2005/06-R1"]
[Date "2005.10.16"]
[Round "1.4"]
[White "Hepting, Heinrich"]
[Black "Petersammer, Georg"]
[Result "1-0"]
[WhiteElo "2155"]
[BlackElo "1970"]
[Annotator "SZ Fürth1-Lauf1"]
[PlyCount "125"]
[EventDate "2005.10.16"]
[SourceDate "2005.10.17"]

1. c4 c5 2. Nc3 Nc6 3. g3 e5 4. Bg2 Nf6 5. Nf3 d6 6. d3 h6 7. Nd2 Be7 8. Nf1
O-O 9. a3 Rb8 10. Rb1 Re8 11. Bd2 Bf8 12. b4 Nd4 13. Ne3 b6 14. O-O Bb7 15.
Ned5 Ne6 16. f4 exf4 17. gxf4 Nd4 18. e4 Ba8 19. b5 Nd7 20. Kh1 Ne6 21. Ne3 Nf6
22. Ncd5 Bxd5 23. cxd5 Nc7 24. Bh3 g6 25. Qf3 Bg7 26. Nc4 Nh7 27. a4 Re7 28. e5
Ne8 29. Rbe1 f5 30. Rg1 Nf8 31. Bc3 Kh7 32. Ba1 Rbb7 33. Re2 Rbd7 34. e6 Rc7
35. a5 Qb8 36. a6 Qa8 37. Qg2 Bxa1 38. Rxa1 Nf6 39. Ne3 Rg7 40. Rf1 Qe8 41. Rb1
Kg8 42. Qf3 Qa8 43. Bg2 N8h7 44. Rf2 Kf8 45. Qg3 Qe8 46. Bf3 h5 47. h3 Ng8 48.
Rg2 Nhf6 49. Qf2 Ne7 50. Qb2 Neg8 51. Rbg1 h4 52. Nc4 Qe7 53. Rxg6 Rxg6 54.
Rxg6 Ke8 55. Qg2 Qf8 56. Qg5 Rh7 57. Nxd6+ Qxd6 58. Rxg8+ Ke7 59. Rg7+ Ke8 60.
Qxf6 Rxg7 61. Bh5+ Rf7 62. Bxf7+ Kf8 63. Bg6+ 1-0

[Event "Mittelfrankenliga 05/06 (B2a)"]
[Site "Mfr.2005/06-R1"]
[Date "2005.10.16"]
[Round "1.5"]
[White "Zach, Andreas[59]"]
[Black "Stolpynskyy, Mark"]
[Result "1-0"]
[WhiteElo "1879"]
[BlackElo "2114"]
[Annotator "SZ Fürth1-Lauf1"]
[PlyCount "170"]
[EventDate "2005.10.16"]
[SourceDate "2005.10.17"]

1. d4 d5 2. Bg5 h6 3. Bf4 Nf6 4. Nf3 c6 5. h3 Qb6 6. Qc1 Bf5 7. Nbd2 e6 8. e3
Nbd7 9. Be2 Be7 10. O-O c5 11. dxc5 Bxc5 12. Nb3 Bd6 13. Bxd6 Qxd6 14. Nbd4 Bg6
15. Nb5 Qb6 16. a4 O-O 17. b4 a6 18. a5 Qc6 19. Nfd4 Qc8 20. Na3 e5 21. Nb3 Qc3
22. Qd2 Rfc8 23. Rfc1 Qxd2 24. Nxd2 Rc3 25. Ndb1 Rc7 26. c4 dxc4 27. Rxc4 Rac8
28. Nd2 Nd5 29. Bf3 Rxc4 30. Naxc4 e4 31. Nd6 Rc2 32. N2xe4 Nxb4 33. Rb1 Nc6
34. Nxb7 Ra2 35. Rd1 Nde5 36. Rd6 Nxa5 37. Rxa6 Nec4 38. Nec5 Ra1+ 39. Kh2 Nb3
40. Rxa1 Nxa1 41. Bd5 Nb6 42. e4 Kf8 43. Ba2 Ke7 44. f4 f6 45. f5 Bf7 46. Bxf7
Kxf7 47. Ne6 Nc4 48. Nbc5 Nc2 49. Kg1 Nb4 50. Kf2 Nc6 51. Nf4 N6e5 52. Ncd3
Nxd3+ 53. Nxd3 Nd6 54. Kf3 Nb5 55. g4 Nd4+ 56. Ke3 Nc2+ 57. Kf4 Nd4 58. e5
fxe5+ 59. Kxe5 Nf3+ 60. Kf4 Nd4 61. h4 Nb5 62. Ne5+ Kg8 63. g5 hxg5+ 64. hxg5
Nd6 65. g6 Nb5 66. Ng4 Nd4 67. Ke5 Nf3+ 68. Ke6 Nd4+ 69. Ke5 Nf3+ 70. Kd6 Kf8
71. Ne3 Nd4 72. Ke5 Nf3+ 73. Kf4 Nd4 74. Ke4 Nc6 75. Kd5 Ne7+ 76. Ke6 Ng8 77.
Ng4 Ne7 78. Ne5 Ng8 79. Nd7+ Ke8 80. Ne5 Nf6 81. Nf3 Ne4 82. Ke5 Nf6 83. Ng5
Kf8 84. Nh7+ Ke7 85. Nxf6 gxf6+ 1-0

[Event "Mittelfrankenliga 05/06 (B2a)"]
[Site "Mfr.2005/06-R1"]
[Date "2005.10.16"]
[Round "1.6"]
[White "Schatz, Werner[33]"]
[Black "Winkler, Marcus[78]"]
[Result "1-0"]
[WhiteElo "2010"]
[BlackElo "1812"]
[Annotator "SZ Fürth1-Lauf1"]
[PlyCount "97"]
[EventDate "2005.10.16"]
[SourceDate "2005.10.17"]

1. Nf3 Nf6 2. d4 g6 3. c4 d6 4. Nc3 Bg7 5. g3 O-O 6. Bg2 Nbd7 7. O-O Re8 8. e4
e5 9. dxe5 Nxe5 10. Nxe5 Rxe5 11. Bf4 Re8 12. c5 dxc5 13. Qxd8 Rxd8 14. Bxc7
Rd3 15. Rfd1 Rxd1+ 16. Rxd1 Bg4 17. Rd2 Rc8 18. Bf4 Nh5 19. Be3 b6 20. f4 Nf6
21. h3 Be6 22. g4 Bc4 23. e5 Ne8 24. b3 Ba6 25. Rd7 Rc7 26. Rd2 Rc8 27. Ne4 c4
28. bxc4 Bxc4 29. Nd6 Nxd6 30. exd6 Bb5 31. Kf2 Rd8 32. f5 Bc3 33. Rd1 Kg7 34.
Be4 Re8 35. Kf3 f6 36. Bd5 Be5 37. Be6 Rd8 38. d7 Kf8 39. Bc1 Ba4 40. Ba3+ Kg7
41. Rd2 Bc6+ 42. Kf2 Bxd7 43. Bxd7 gxf5 44. gxf5 Bf4 45. Rd1 h6 46. Be7 Rb8 47.
Be6 Be5 48. Rd7 Kh8 49. Rxa7 1-0

[Event "Mittelfrankenliga 05/06 (B2a)"]
[Site "Mfr.2005/06-R1"]
[Date "2005.10.16"]
[Round "1.7"]
[White "Breitenbach, Albert"]
[Black "Pidtoptanyy, Igor"]
[Result "0-1"]
[WhiteElo "1804"]
[BlackElo "1871"]
[Annotator "SZ Fürth1-Lauf1"]
[PlyCount "86"]
[EventDate "2005.10.16"]
[SourceDate "2005.10.17"]

1. e4 e5 2. Nc3 Nf6 3. f4 d6 4. Nf3 Be7 5. fxe5 dxe5 6. Nxe5 O-O 7. d4 Bb4 8.
Qd3 c5 9. Be3 Qe7 10. Be2 c4 11. Nxc4 Nxe4 12. O-O Bxc3 13. bxc3 Nc6 14. Rab1
Nd6 15. Nxd6 Qxd6 16. d5 Ne7 17. c4 Bf5 18. Rxf5 Nxf5 19. Qxf5 Rae8 20. Rb3 b6
21. Bf3 Re5 22. Qf4 Rfe8 23. Qd4 h5 24. Bf4 Re1+ 25. Kf2 Qg6 26. Qd3 Qf6 27.
Bd2 Qh4+ 28. g3 Qxh2+ 29. Bg2 R1e2+ 30. Qxe2 Rxe2+ 31. Kxe2 Qxg2+ 32. Ke1 Qe4+
33. Re3 Qxc4 34. Re8+ Kh7 35. d6 Qd5 36. Bf4 g5 37. Be5 f6 38. c4 Qe4+ 39. Kd2
fxe5 40. Re7+ Kg6 41. d7 Qd4+ 42. Kc2 Qxc4+ 43. Kb2 Qb4+ 0-1

[Event "Mittelfrankenliga 05/06 (B2b)"]
[Site "Mfr.2005/06-R1"]
[Date "2005.10.16"]
[Round "1.1"]
[White "Witt, Alfred"]
[Black "Muenster, Erich"]
[Result "1-0"]
[WhiteElo "1930"]
[BlackElo "2024"]
[Annotator "Heilsbronn1-Ansbach1"]
[PlyCount "33"]
[EventDate "2005.10.16"]
[SourceDate "2005.10.17"]

1. e4 e5 2. Nf3 Nc6 3. Bb5 Bc5 4. O-O Nd4 5. Nxd4 Bxd4 6. c3 Bb6 7. d4 c6 8.
Ba4 d6 9. Na3 Qf6 10. Be3 Bc7 11. Qe2 Nh6 12. d5 b5 13. Nxb5 cxb5 14. Qxb5+ Kd8
15. Qc6 Rb8 16. b4 Bb6 17. Bg5 1-0

[Event "Mittelfrankenliga 05/06 (B2b)"]
[Site "Mfr.2005/06-R1"]
[Date "2005.10.16"]
[Round "1.2"]
[White "Roeschinger, Udo"]
[Black "Kiefer, Herbert"]
[Result "1/2-1/2"]
[WhiteElo "1878"]
[BlackElo "1749"]
[Annotator "Heilsbronn1-Ansbach1"]
[PlyCount "94"]
[EventDate "2005.10.16"]
[SourceDate "2005.10.17"]

1. e4 c5 2. c3 e6 3. Nf3 d5 4. exd5 exd5 5. d4 cxd4 6. Nxd4 Nc6 7. Be3 Nf6 8.
Be2 Be7 9. h3 h6 10. Nd2 O-O 11. Qc2 Bd7 12. g4 Rc8 13. N2f3 Nxd4 14. Bxd4 Bc5
15. O-O-O Bxd4 16. Rxd4 Be6 17. g5 hxg5 18. Nxg5 Re8 19. Rg1 Qd6 20. f4 Qb6 21.
Rgd1 g6 22. Bd3 Qxd4 23. cxd4 Rxc2+ 24. Kxc2 Bd7 25. Rg1 Re3 26. Kd2 Re7 27. h4
Ne4+ 28. Kc2 Bf5 29. Nf3 Rc7+ 30. Kb3 Nd6 31. Ne5 Bxd3 32. Nxd3 Nf5 33. h5
Nxd4+ 34. Ka4 Kh7 35. hxg6+ fxg6 36. Ne5 Rg7 37. Rg2 Nc6 38. Ng4 Rf7 39. Rf2 a6
40. Ne3 d4 41. Nd5 Rf5 42. Nc7 Rc5 43. Rh2+ Kg8 44. Ne8 Rf5 45. Rf2 b5+ 46. Kb3
Rc5 47. Rg2 Ne7 1/2-1/2

[Event "Mittelfrankenliga 05/06 (B2b)"]
[Site "Mfr.2005/06-R1"]
[Date "2005.10.16"]
[Round "1.3"]
[White "Nahlik, Bernhard"]
[Black "Muenster, Manfred"]
[Result "0-1"]
[WhiteElo "1846"]
[BlackElo "1923"]
[Annotator "Heilsbronn1-Ansbach1"]
[PlyCount "52"]
[EventDate "2005.10.16"]
[SourceDate "2005.10.17"]

1. e4 g6 2. d4 Bg7 3. Nf3 d6 4. Be2 Nc6 5. c4 e5 6. d5 Nce7 7. Nc3 h6 8. O-O f5
9. b4 Nf6 10. Nd2 O-O 11. a4 g5 12. Ba3 Ng6 13. Rc1 g4 14. c5 h5 15. cxd6 cxd6
16. Bd3 f4 17. Nb5 Ne8 18. Be2 Qg5 19. Nc7 Nxc7 20. Rxc7 f3 21. Bb5 fxg2 22.
Re1 Nf4 23. Bc1 Nh3+ 24. Kxg2 Rxf2+ 25. Kh1 g3 26. hxg3 Qxg3 0-1

[Event "Mittelfrankenliga 05/06 (B2b)"]
[Site "Mfr.2005/06-R1"]
[Date "2005.10.16"]
[Round "1.4"]
[White "Horneber, Thomas"]
[Black "Sommer, Dieter"]
[Result "0-1"]
[WhiteElo "1939"]
[BlackElo "1719"]
[Annotator "Heilsbronn1-Ansbach1"]
[PlyCount "122"]
[EventDate "2005.10.16"]
[SourceDate "2005.10.17"]

1. e4 e6 2. d4 d5 3. Nc3 dxe4 4. Nxe4 Nd7 5. Nf3 Ngf6 6. Nxf6+ Nxf6 7. Bf4 Bd6
8. Bxd6 Qxd6 9. c3 O-O 10. Bd3 b6 11. Qc2 h6 12. Ne5 Bb7 13. Rg1 c5 14. f4 cxd4
15. O-O-O Nd5 16. g3 dxc3 17. Nc4 cxb2+ 18. Qxb2 Rac8 19. Kb1 Qb4 20. Qxb4 Nxb4
21. Nd6 Nxd3 22. Rxd3 Rfd8 23. Rgd1 Rc7 24. Nxb7 Rxd3 25. Rxd3 Rxb7 26. Rd8+
Kh7 27. Kc2 Rc7+ 28. Kd2 Kg6 29. Ra8 Kf5 30. Rg8 g6 31. Rh8 h5 32. h3 Ke4 33.
Rd8 Rc5 34. Rf8 Rd5+ 35. Ke2 Rd7 36. Rc8 b5 37. Rc5 a6 38. Rc6 a5 39. Rb6 Rc7
40. Rxb5 Rc2+ 41. Kd1 Rxa2 42. Rb7 Ra3 43. Rxf7 Rxg3 44. h4 a4 45. Ra7 a3 46.
Ra4+ Kf5 47. Kc1 Rh3 48. Ra5+ Kxf4 49. Rg5 Rh2 50. Kb1 Rxh4 51. Rxg6 e5 52. Ka2
Rh3 53. Rg8 h4 54. Rf8+ Ke4 55. Rh8 Ke3 56. Kxa3 Ke2+ 57. Kb2 e4 58. Kc2 Kf2
59. Kd1 e3 60. Rf8+ Rf3 61. Re8 h3 0-1

[Event "Mittelfrankenliga 05/06 (B2b)"]
[Site "Mfr.2005/06-R1"]
[Date "2005.10.16"]
[Round "1.5"]
[White "Drechsler, Alfred"]
[Black "Lunz, Dieter"]
[Result "1/2-1/2"]
[WhiteElo "1711"]
[BlackElo "1909"]
[Annotator "Heilsbronn1-Ansbach1"]
[PlyCount "43"]
[EventDate "2005.10.16"]
[SourceDate "2005.10.17"]

1. d4 Nf6 2. c4 e5 3. d5 c6 4. Nc3 cxd5 5. cxd5 Bb4 6. Bd2 O-O 7. a3 Bxc3 8.
Bxc3 d6 9. e3 Bf5 10. Bd3 Bxd3 11. Qxd3 Nbd7 12. b4 Rc8 13. Ne2 Nb6 14. e4 Rc4
15. f3 Qc7 16. O-O Na4 17. Rfc1 Rc8 18. Bd2 b5 19. Rxc4 bxc4 20. Qc2 c3 21. Be1
Qb6+ 22. Bf2 1/2-1/2

[Event "Mittelfrankenliga 05/06 (B2b)"]
[Site "Mfr.2005/06-R1"]
[Date "2005.10.16"]
[Round "1.6"]
[White "Frank, Werner[62]"]
[Black "Nitsche, Erwin"]
[Result "1-0"]
[WhiteElo "1842"]
[BlackElo "1684"]
[Annotator "Heilsbronn1-Ansbach1"]
[PlyCount "123"]
[EventDate "2005.10.16"]
[SourceDate "2005.10.17"]

1. d4 d5 2. Bf4 e6 3. c3 c5 4. e3 Nc6 5. Nd2 Bd6 6. Bg3 Nf6 7. Ngf3 O-O 8. Bd3
b6 9. Ne5 Bb7 10. f4 Nd7 11. O-O f5 12. Qh5 Ncxe5 13. fxe5 Be7 14. Nf3 c4 15.
Bc2 Qe8 16. Qh3 g5 17. Qh6 Qg6 18. Qxg6+ hxg6 19. Ba4 Rfd8 20. h4 g4 21. Nd2 a6
22. Bxd7 Rxd7 23. Kf2 Kg7 24. Rh1 Rh8 25. Rh2 Rdd8 26. Rah1 Rh5 27. Bf4 Rdh8
28. Kg3 b5 29. Nf1 a5 30. Bg5 Bxg5 31. hxg5 Rxh2 32. Rxh2 Rxh2 33. Kxh2 Kf7 34.
Ng3 a4 35. Ne2 Bc6 36. Kg3 Be8 37. Kf2 Ke7 38. Ke1 Kd7 39. Kd2 Kc6 40. Kc2 Kb6
41. b3 axb3+ 42. axb3 Ka5 43. Nf4 Bf7 44. Kb2 b4 45. bxc4 dxc4 46. cxb4+ Kxb4
47. Kc2 c3 48. Ne2 Be8 49. Nxc3 Bc6 50. g3 Kc4 51. Ne2 Be8 52. Nf4 Bf7 53. Kd2
Kb4 54. Kd3 Kb5 55. d5 exd5 56. e6 Be8 57. Kd4 Kc6 58. Ke5 Kc7 59. Nxd5+ Kd8
60. Kf6 Bc6 61. Nf4 Be8 62. Nxg6 1-0

[Event "Mittelfrankenliga 05/06 (B2b)"]
[Site "Mfr.2005/06-R1"]
[Date "2005.10.16"]
[Round "1.7"]
[White "Ditt, Norbert"]
[Black "Heinz, Manfred"]
[Result "1-0"]
[WhiteElo "1647"]
[BlackElo "1752"]
[Annotator "Heilsbronn1-Ansbach1"]
[PlyCount "73"]
[EventDate "2005.10.16"]
[SourceDate "2005.10.17"]

1. c4 Nf6 2. Nc3 g6 3. g3 Bg7 4. Bg2 O-O 5. Nf3 d6 6. O-O e5 7. d3 Nc6 8. a3
Ne7 9. Rb1 Nh5 10. b4 f5 11. Qb3 h6 12. Nh4 g5 13. Nf3 Kh8 14. Bb2 f4 15. Ne4
Ng6 16. d4 g4 17. Nfd2 exd4 18. Rbd1 Qe7 19. Rfe1 Bf5 20. f3 fxg3 21. hxg3 Be5
22. f4 Nhxf4 23. gxf4 Nxf4 24. e3 Nxg2 25. Kxg2 Bxe4+ 26. Nxe4 Rf3 27. Bxd4
Raf8 28. Bxe5+ Qxe5 29. Qd3 Qe7 30. Qd4+ Kg8 31. Rh1 Rh3 32. Rdf1 Rhf3 33. Rxh6
Qe5 34. Qxe5 dxe5 35. Rxf3 Rxf3 36. Rg6+ Kf8 37. Rf6+ 1-0

[Event "Mittelfrankenliga 05/06 (B2b)"]
[Site "Mfr.2005/06-R1"]
[Date "2005.10.16"]
[Round "1.8"]
[White "Wiedemann, Jan"]
[Black "Hartstock, Elmar,Dr."]
[Result "1/2-1/2"]
[WhiteElo "1622"]
[BlackElo "1570"]
[Annotator "Heilsbronn1-Ansbach1"]
[PlyCount "97"]
[EventDate "2005.10.16"]
[SourceDate "2005.10.17"]

1. d4 e6 2. Nf3 Nf6 3. Bf4 c5 4. e3 Nc6 5. c3 d5 6. Bd3 b6 7. O-O Bd6 8. Bxd6
Qxd6 9. Nbd2 a6 10. Qe2 c4 11. Bc2 b5 12. e4 dxe4 13. Nxe4 Nxe4 14. Bxe4 O-O
15. Rfe1 Bb7 16. Rad1 Na5 17. Bxb7 Nxb7 18. Qe4 Qd5 19. Qxd5 exd5 20. Re7 Na5
21. Rde1 Nc6 22. R7e3 Rfd8 23. Ne5 Nxe5 24. Rxe5 Kf8 25. Kf1 Ra7 26. f4 a5 27.
Kf2 b4 28. Rb1 Rb7 29. Ree1 Rdb8 30. Rbd1 bxc3 31. bxc3 Rb2+ 32. Re2 a4 33.
Rde1 a3 34. Kf3 Rxe2 35. Rxe2 f6 36. g4 Kf7 37. h4 Rb2 38. Kf2 g6 39. Kf3 h6
40. Kf2 Rb1 41. Re1 Rb2+ 42. Re2 h5 43. g5 fxg5 44. fxg5 Rxe2+ 45. Kxe2 Ke6 46.
Ke3 Kd7 47. Kf4 Kd6 48. Kf3 Kd7 49. Kf4 1/2-1/2

[Event "Mittelfrankenliga 05/06 (B2b)"]
[Site "Mfr.2005/06-R1"]
[Date "2005.10.16"]
[Round "1.1"]
[White "Fink, Martin"]
[Black "Meyer, Friedrich[59]"]
[Result "1-0"]
[WhiteElo "1898"]
[BlackElo "1842"]
[Annotator "Gunzenhausen2-Heideck1"]
[PlyCount "153"]
[EventDate "2005.10.16"]

1. e4 g6 2. Bc4 Bg7 3. Nf3 d6 4. d4 Nf6 5. Nc3 Bg4 6. h3 Bxf3 7. Qxf3 Nc6 8.
Ne2 O-O 9. O-O Nd7 10. c3 e5 11. Qd3 a6 12. f4 exf4 13. Rxf4 Na5 14. b4 Nxc4
15. Qxc4 c6 16. a4 d5 17. Qd3 dxe4 18. Rxe4 Nf6 19. Bg5 Qd5 20. Bxf6 Bxf6 21.
Nf4 Qd7 22. a5 Rae8 23. Rae1 Bg5 24. Qf3 Bh6 25. Nd3 Rxe4 26. Rxe4 Re8 27. Nc5
Qc8 28. Rxe8+ Qxe8 29. Nxb7 Qe1+ 30. Kh2 Be3 31. h4 h5 32. g3 Qxc3 33. Nd8 Bg1+
34. Kg2 Qxd4 35. Qxf7+ Kh8 36. Qf8+ Kh7 37. Qe7+ Kh8 38. Nf7+ Kg8 39. Nh6+ Kh8
40. Qf7 Qd2+ 41. Kxg1 Qxh6 42. Qe8+ Kg7 43. Qd7+ Kf8 44. Qxc6 Qe3+ 45. Kg2 Qe2+
46. Kh3 Qf1+ 47. Qg2 Qd3 48. Qa8+ Ke7 49. Qb7+ Kd8 50. Qb6+ Kd7 51. Qa7+ Kd8
52. Kg2 Kc8 53. Qe7 Kb8 54. Kf2 Kc8 55. Qe3 Qc2+ 56. Ke1 Qc6 57. Kd2 Qd6+ 58.
Kc3 Qf6+ 59. Qd4 Qf3+ 60. Kc4 Qf1+ 61. Kc5 Qb5+ 62. Kd6 Qd7+ 63. Ke5 Qe7+ 64.
Kf4 Qe6 65. Kg5 Qf5+ 66. Kh6 Qe6 67. Qh8+ Kb7 68. Qg7+ Kc8 69. Qxg6 Qc4 70.
Kxh5 Kb7 71. Qb6+ Ka8 72. Qd8+ Ka7 73. Qe7+ Ka8 74. g4 Qb5+ 75. g5 Qc6 76. Qd8+
Ka7 77. Qb6+ 1-0

[Event "Mittelfrankenliga 05/06 (B2b)"]
[Site "Mfr.2005/06-R1"]
[Date "2005.10.16"]
[Round "1.2"]
[White "Stephan, Eberhard"]
[Black "Kirchner, Norbert jr."]
[Result "0-1"]
[WhiteElo "1980"]
[BlackElo "2060"]
[Annotator "Gunzenhausen2-Heideck1"]
[PlyCount "88"]
[EventDate "2005.10.16"]

1. d4 d5 2. c4 c6 3. cxd5 cxd5 4. Nf3 Nf6 5. Nc3 g6 6. Bf4 a6 7. e3 Bg7 8. Bd3
O-O 9. O-O Bg4 10. a3 Nc6 11. b4 Nh5 12. Bg3 Nxg3 13. hxg3 e5 14. Be2 exd4 15.
Nxd4 Nxd4 16. exd4 Bxe2 17. Nxe2 Rc8 18. b5 Rc4 19. bxa6 bxa6 20. Qb3 Re8 21.
Ra2 Qb8 22. Rb1 Qxb3 23. Rxb3 Rec8 24. a4 Rc2 25. Rxc2 Rxc2 26. Rb8+ Bf8 27.
Kf1 Ra2 28. Nc3 Rd2 29. Rd8 Rxd4 30. Rxd5 Rc4 31. Rd3 Bb4 32. Rd8+ Kg7 33. Nd5
Rd4 34. Ke2 Bc5 35. a5 Ra4 36. Ra8 Rxa5 37. Nc7 Ra2+ 38. Kd3 Rxf2 39. Rxa6 Rxg2
40. Kc4 Bg1 41. Ne8+ Kh6 42. Nd6 f6 43. Ne4 f5 44. Nd6 Kh5 0-1

[Event "Mittelfrankenliga 05/06 (B2b)"]
[Site "Mfr.2005/06-R1"]
[Date "2005.10.16"]
[Round "1.3"]
[White "Platz, Stephan"]
[Black "Kiersch, Helmut"]
[Result "1-0"]
[WhiteElo "1865"]
[BlackElo "1898"]
[Annotator "Gunzenhausen2-Heideck1"]
[PlyCount "109"]
[EventDate "2005.10.16"]
[SourceDate "2005.10.17"]

1. d4 d5 2. e4 dxe4 3. Nc3 Nf6 4. Bg5 Bg4 5. f3 exf3 6. Nxf3 Nbd7 7. h3 Bh5 8.
Qe2 c6 9. g4 Bg6 10. O-O-O Qc7 11. Ne5 e6 12. h4 h5 13. Nxg6 fxg6 14. Qxe6+ Be7
15. Bc4 Rf8 16. Bd3 Qd6 17. Bxg6+ Kd8 18. Qxd6 Bxd6 19. gxh5 Kc7 20. h6 gxh6
21. Bxh6 Rg8 22. Rdg1 a6 23. Ne2 b5 24. Bf4 Bxf4+ 25. Nxf4 Kd6 26. h5 Nd5 27.
Nxd5 cxd5 28. Bf7 Rxg1+ 29. Rxg1 Nf6 30. Re1 Ne4 31. h6 Rh8 32. Rh1 Nf6 33. Bg6
Ng8 34. h7 Nf6 35. Re1 Ne4 36. c3 a5 37. Kc2 a4 38. Rh1 Nf6 39. Re1 Ne4 40. a3
Kc6 41. Rh1 Kd6 42. Bxe4 dxe4 43. Rh5 Ke6 44. Kd2 Kf6 45. Ke3 Kg6 46. Rh1 Kf5
47. Rh2 Kg4 48. Kxe4 Kg3 49. Rh6 Kf2 50. Kd5 Ke3 51. Rh3+ Kd2 52. Kc6 Kc2 53.
Rh2+ Kb3 54. Kxb5 Rb8+ 55. Kc6 1-0

[Event "Mittelfrankenliga 05/06 (B2b)"]
[Site "Mfr.2005/06-R1"]
[Date "2005.10.16"]
[Round "1.4"]
[White "Enderlein, Hermann"]
[Black "Plan, Johann"]
[Result "1/2-1/2"]
[WhiteElo "1937"]
[BlackElo "1887"]
[Annotator "Gunzenhausen2-Heideck1"]
[PlyCount "80"]
[EventDate "2005.10.16"]
[SourceDate "2005.10.17"]

1. c4 c5 2. Nc3 Nc6 3. Nf3 Nf6 4. g3 g6 5. Bg2 Bg7 6. O-O O-O 7. d3 d6 8. Bd2
Bd7 9. Rb1 Re8 10. a3 a5 11. Qc1 Ng4 12. Re1 Rb8 13. Nb5 Nce5 14. Nxe5 Nxe5 15.
Nc3 Bc6 16. b4 axb4 17. axb4 b6 18. Bh6 Bh8 19. Qc2 Bxg2 20. Kxg2 Nc6 21. bxc5
bxc5 22. Rxb8 Qxb8 23. Nb5 Qb7 24. Kg1 Qd7 25. Kg2 Qb7 26. f3 Nb4 27. Qb3 Ra8
28. Bd2 Nc6 29. Rb1 Qd7 30. Bc3 Bxc3 31. Qxc3 e5 32. Ra1 Rxa1 33. Qxa1 Nd4 34.
Qa8+ Kg7 35. Qd5 Nf5 36. Qe4 Ne7 37. Nc3 f5 38. Qe3 h6 39. h3 Qb7 40. g4 Qc6
1/2-1/2

[Event "Mittelfrankenliga 05/06 (B2b)"]
[Site "Mfr.2005/06-R1"]
[Date "2005.10.16"]
[Round "1.5"]
[White "Reichmann, Ulrich"]
[Black "Fising, Robert"]
[Result "1-0"]
[WhiteElo "1908"]
[BlackElo "1629"]
[Annotator "Gunzenhausen2-Heideck1"]
[PlyCount "79"]
[EventDate "2005.10.16"]
[SourceDate "2005.10.17"]

1. e4 c5 2. Nf3 Nc6 3. d4 cxd4 4. Nxd4 Nf6 5. Nc3 e5 6. Ndb5 d6 7. Nd5 Nxd5 8.
exd5 Nb8 9. c3 Be7 10. Qa4 O-O 11. Be3 b6 12. O-O-O Nd7 13. f4 f6 14. Bd3 Nc5
15. Bxc5 bxc5 16. f5 Bd7 17. Qc2 e4 18. Bc4 Bxf5 19. h3 Bg6 20. g4 f5 21. gxf5
Bxf5 22. Rdf1 Qd7 23. Be2 Bg5+ 24. Kb1 Rae8 25. h4 Bh6 26. c4 e3 27. Rxf5 Rxf5
28. Nxd6 Rxd5 29. cxd5 Qxd6 30. Rc1 Rc8 31. Bg4 Rc7 32. Qe4 Re7 33. Be6+ Kh8
34. Qc4 g6 35. Qc3+ Bg7 36. Qxe3 Re8 37. Qf3 Qe7 38. Rf1 h6 39. Qf7 Rf8 40.
Qxe7 1-0

[Event "Mittelfrankenliga 05/06 (B2b)"]
[Site "Mfr.2005/06-R1"]
[Date "2005.10.16"]
[Round "1.6"]
[White "Reichert, Romuald"]
[Black "Korth, Manfred,Dr."]
[Result "0-1"]
[WhiteElo "1747"]
[BlackElo "1868"]
[Annotator "Gunzenhausen2-Heideck1"]
[PlyCount "112"]
[EventDate "2005.10.16"]
[SourceDate "2005.10.17"]

1. d4 d5 2. e4 dxe4 3. Nc3 Nf6 4. f3 exf3 5. Qxf3 c6 6. Bd3 Bg4 7. Qf2 e6 8. h3
Bh5 9. Bg5 Be7 10. Nge2 Nbd7 11. g4 Bg6 12. O-O-O Qa5 13. Be3 Nd5 14. Nxd5 Qxd5
15. Nc3 Qa5 16. h4 Bb4 17. Rhf1 Rf8 18. h5 Bxd3 19. Rxd3 Bxc3 20. Rxc3 Qxa2 21.
Rb3 Nb6 22. Ra3 Qd5 23. Rb3 O-O-O 24. Ra3 a6 25. b3 Qd6 26. Kb2 Nd5 27. Bd2 Nf6
28. Bc3 Ne4 29. Qe3 Nxc3 30. Qxc3 Qxd4 31. Ra4 Qxc3+ 32. Kxc3 Rd5 33. Re4 Kd7
34. Kb2 f6 35. c4 Rd6 36. Kc3 Rd8 37. g5 Ke7 38. gxf6+ gxf6 39. Rg4 Rd3+ 40.
Kb4 Rf8 41. Rh1 f5 42. Rg7+ Rf7 43. h6 Rxg7 44. hxg7 Kf7 45. Rxh7 Kg8 46. Rh6
Kxg7 47. Rxe6 Rd7 48. c5 f4 49. Kc3 f3 50. Re1 f2 51. Rf1 Rf7 52. Kd3 Kf8 53.
Ke3 Ke7 54. Rxf2 Rxf2 55. Kxf2 Ke6 56. Ke3 Kd5 0-1

[Event "Mittelfrankenliga 05/06 (B2b)"]
[Site "Mfr.2005/06-R1"]
[Date "2005.10.16"]
[Round "1.7"]
[White "Ruderer, Thomas"]
[Black "Jaeger, Peter[63]"]
[Result "1-0"]
[WhiteElo "1724"]
[BlackElo "1799"]
[Annotator "Gunzenhausen2-Heideck1"]
[PlyCount "56"]
[EventDate "2005.10.16"]
[SourceDate "2005.10.17"]

1. e4 e5 2. Nf3 Nc6 3. d4 exd4 4. Nxd4 Qf6 5. Nxc6 Bc5 6. Qe2 dxc6 7. c3 Nh6 8.
Be3 Bd6 9. f3 Be6 10. Nd2 O-O-O 11. Qf2 Bf4 12. Bc4 Rxd2 13. Bxe6+ fxe6 14.
Qxd2 Rd8 15. Qf2 Qe5 16. Bxf4 Qxf4 17. g3 Qg5 18. Rd1 Rxd1+ 19. Kxd1 Qa5 20. a3
Nf7 21. Kc1 Ne5 22. Rd1 b6 23. Qd4 Nxf3 24. Qxg7 Qc5 25. Qh6 Ng5 26. Qf6 Qe3+
27. Kb1 Qxe4+ 28. Ka1 Kb7 1-0

[Event "Mittelfrankenliga 05/06 (B2b)"]
[Site "Mfr.2005/06-R1"]
[Date "2005.10.16"]
[Round "1.8"]
[White "Gajewski, Richard"]
[Black "Perner, Bastian"]
[Result "1-0"]
[WhiteElo "1589"]
[BlackElo "1557"]
[Annotator "Gunzenhausen2-Heideck1"]
[PlyCount "79"]
[EventDate "2005.10.16"]
[SourceDate "2005.10.17"]

1. e4 e5 2. f4 Bc5 3. Nf3 d6 4. Bc4 Bg4 5. c3 Nc6 6. d3 Nf6 7. Qb3 Qd7 8. fxe5
dxe5 9. Bxf7+ Qxf7 10. Qxb7 Kd7 11. Qxc6+ Kxc6 12. Nxe5+ Kb6 13. Nxf7 Rhf8 14.
Ng5 h6 15. Nf3 Nd7 16. b4 Be7 17. Be3+ Kb7 18. Rf1 Rad8 19. Nbd2 c5 20. bxc5
Nxc5 21. Bxc5 Bxc5 22. d4 Bb6 23. Rb1 Kc7 24. Ke2 Rd6 25. Kd3 Bc8 26. d5 Rg6
27. g3 Rgf6 28. Nd4 Rf2 29. Rxf2 Rxf2 30. Nc4 Bxd4 31. Kxd4 Rxh2 32. Rf1 g5 33.
Rf7+ Kd8 34. Rxa7 Rg2 35. Rh7 Rxa2 36. Rxh6 Rg2 37. Rh8+ Kc7 38. d6+ Kb7 39.
Rh7+ Kc6 40. Rc7+ 1-0

[Event "Mittelfrankenliga 05/06 (B2b)"]
[Site "Mfr.2005/06-R1"]
[Date "2005.10.16"]
[Round "1.1"]
[White "Alsheimer, Christoph"]
[Black "Kendzia, Nikolai"]
[Result "1-0"]
[WhiteElo "2023"]
[BlackElo "1902"]
[Annotator "Postbauer2-Bechhofen1"]
[PlyCount "79"]
[EventDate "2005.10.16"]
[SourceDate "2005.10.17"]

1. d4 Nf6 2. Nf3 g6 3. c4 c5 4. Nc3 cxd4 5. Nxd4 Nc6 6. e4 d6 7. f3 Bg7 8. Be3
a6 9. Qd2 O-O 10. Be2 Bd7 11. O-O Rc8 12. Rac1 Nxd4 13. Bxd4 Be6 14. b3 Nd7 15.
Bxg7 Kxg7 16. Qd4+ Kg8 17. Kh1 Qa5 18. f4 Qb6 19. Qd2 f5 20. Bf3 Qa5 21. exf5
Bxf5 22. g4 Be6 23. Qe2 Nc5 24. Bxb7 Rc7 25. Bd5 Bf7 26. Bxf7+ Rxf7 27. Nd5 Rb7
28. b4 Rxb4 29. Nxe7+ Kf8 30. Nc6 Qb6 31. Nxb4 Qxb4 32. Rb1 Qc3 33. Rb8+ Kg7
34. Qb2 Qxb2 35. Rxb2 Nd3 36. Rd2 Nxf4 37. g5 Nh3 38. Rxf7+ Kxf7 39. Rxd6 Nxg5
40. Rxa6 1-0

[Event "Mittelfrankenliga 05/06 (B2b)"]
[Site "Mfr.2005/06-R1"]
[Date "2005.10.16"]
[Round "1.2"]
[White "Naegelein, Andreas"]
[Black "Lutz, Thomas"]
[Result "0-1"]
[WhiteElo "1820"]
[BlackElo "1975"]
[Annotator "Postbauer2-Bechhofen1"]
[PlyCount "60"]
[EventDate "2005.10.16"]
[SourceDate "2005.10.17"]

1. d4 Nf6 2. c4 e6 3. Nc3 Bb4 4. Bd2 b6 5. Nf3 Bb7 6. e3 O-O 7. Bd3 Bxc3 8.
Bxc3 Ne4 9. Qc2 f5 10. O-O-O a5 11. Rhg1 Na6 12. Rdf1 Nb4 13. Qb1 Qe7 14. Be1
d5 15. Bxb4 axb4 16. Ne5 c5 17. f3 Nd6 18. b3 dxc4 19. Nxc4 Nb5 20. Qa1 Nc3 21.
a4 b5 22. Nb2 Bd5 23. Kc2 Rfc8 24. dxc5 Qxc5 25. Kd2 Bxb3 26. g4 Nd5 27. Re1 f4
28. exf4 Qc3+ 29. Ke2 Nxf4+ 30. Ke3 e5 0-1